[Event "DVM U14 2018"]
[Site "Magdeburg GER"]
[Date "2018.12.27"]
[Round "1"]
[White "Pomrehn, Ole Magnus"]
[Black "Breitzmann, Sander"]
[Result "0-1"]
[Termination "normal"]
[Board "6.2"]
[WhiteElo "1503"]
[BlackElo "1845"]
[WhiteTeam "SF Schöneck"]
[BlackTeam "SV Empor Berlin"]
[PlyCount "74"]
[WhiteFideId "16232704"]
[BlackFideId "12987085"]
[EventCountry "GER"]
[EventRounds "7"]
[EventType "team-swiss"]
[EventDate "2018.12.26"]

1. g3 g6 2. Bg2 Bg7 3. c4 c5 4. Nc3 Nc6 5. a3 d6 6. d3 e6 7. Nf3 Nge7 8. Rb1
O-O 9. O-O a5 10. Qc2 Nf5 11. Nb5 Rb8 12. b3 e5 13. Bb2 h5 14. h3 Bh6 15. Bc1
Bg7 16. Bb2 Be6 17. Nc3 h4 18. g4 Nfd4 19. Nxd4 Nxd4 20. Qd1 f5 21. gxf5 Nxf5
22. e3 Bh6 23. Bc1 g5 24. Nd5 Ng7 25. Bb2 Qd7 26. Kh2 g4 27. hxg4 Bxg4 28. Qe1
h3 29. Bh1 Bf3 30. Bxf3 Rxf3 31. Rg1 Qf7 32. Rf1 Rf8 33. Bc3 Kh8 34. Bxa5 Qg6
35. Rg1 Rxf2+ 36. Kxh3 Qh5+ 37. Kg3 R8f3# 0-1

[Event "DVM U14 2018"]
[Site "Magdeburg GER"]
[Date "2018.12.27"]
[Round "1"]
[White "Beer, Ludwig"]
[Black "Tiggemann, Felix"]
[Result "0-1"]
[Termination "normal"]
[Board "6.3"]
[WhiteElo "1549"]
[BlackElo "1510"]
[WhiteTeam "SV Empor Berlin"]
[BlackTeam "SF Schöneck"]
[PlyCount "87"]
[WhiteFideId "16202813"]
[BlackFideId "16221966"]
[EventCountry "GER"]
[EventRounds "7"]
[EventType "team-swiss"]
[EventDate "2018.12.26"]

1. e4 e6 2. d4 d5 3. exd5 exd5 4. Bd3 Bd6 5. c3 Ne7 6. Nf3 Bf5 7. O-O O-O 8.
Bg5 f6 9. Bh4 Nbc6 10. b4 Qd7 11. Bg3 Bxg3 12. fxg3 Bxd3 13. Qxd3 Qf5 14. Ne5
Nxe5 15. Qxf5 Nxf5 16. Rxf5 g6 17. Rf2 Nc4 18. Nd2 Nxd2 19. Rxd2 Rae8 20. Kf2
Re4 21. Re1 Rfe8 22. Rxe4 Rxe4 23. Re2 b5 24. Kf3 f5 25. h3 h5 26. Re3 Kf7 27.
Re2 Kf6 28. Kf2 Kg5 29. Re3 Kf6 30. Ke2 g5 31. Kf3 Ke6 32. Re2 g4+ 33. Kf2 gxh3
34. gxh3 Kf6 35. Kf3 Kg6 36. Re3 Kg5 37. h4+ Kf6 38. Kf2 f4 39. Rf3 Kf5 40. Kg2
Kg4 41. Kf2 c6 42. c4 Rxd4 43. Rxf4+ Rxf4+ 44. gxf4 0-1

[Event "DVM U14 2018"]
[Site "Magdeburg GER"]
[Date "2018.12.27"]
[Round "1"]
[White "Albrecht, Samuel"]
[Black "Ellert, Oliver"]
[Result "1/2-1/2"]
[Termination "normal"]
[Board "6.4"]
[WhiteElo "1062"]
[BlackElo "1584"]
[WhiteTeam "SF Schöneck"]
[BlackTeam "SV Empor Berlin"]
[PlyCount "125"]
[WhiteFideId "16274920"]
[BlackFideId "16246241"]
[EventCountry "GER"]
[EventRounds "7"]
[EventType "team-swiss"]
[EventDate "2018.12.26"]

1. e4 d5 2. exd5 Nf6 3. Nf3 Nxd5 4. Bc4 Bg4 5. O-O e6 6. d3 Be7 7. Be3 c6 8.
Nbd2 Nd7 9. h3 Bh5 10. Bxd5 cxd5 11. c4 dxc4 12. Nxc4 O-O 13. Qb3 Bxf3 14. gxf3
b6 15. Kh1 Nf6 16. Rg1 Nd5 17. Ne5 Nxe3 18. fxe3 g6 19. Ng4 Bd6 20. Qc3 f6 21.
Qc4 Qe7 22. Qd4 Kg7 23. Rac1 e5 24. Qd5 Rac8 25. Rxc8 Rxc8 26. Rd1 f5 27. Nf2
Rc2 28. Rf1 Rxb2 29. d4 exd4 30. Qxd4+ Be5 31. Qd5 Bf6 32. e4 fxe4 33. Nxe4 Qc7
34. f4 Qc2 35. Rf2 Qc1+ 36. Kg2 Rxf2+ 37. Nxf2 Qa3 38. Ne4 Qe7 39. Nxf6 Qxf6
40. Qd7+ Qf7 41. Qd4+ Kh6 42. Qa4 Qd5+ 43. Kg3 Qd3+ 44. Kg2 Qe2+ 45. Kg3 Qe7
46. a3 b5 47. Qa5 Qc5 48. a4 Qa3+ 49. Kg4 Qxa4 50. Qd8 Qb4 51. Qg5+ Kg7 52.
Qe5+ Kf7 53. Qd5+ Ke7 54. Qb7+ Ke6 55. Qxh7 Qe4 56. Qxa7 b4 57. Qb6+ Kd5 58.
Qb5+ Kd6 59. Qa6+ Kc5 60. Qa5+ Kc4 61. Qa2+ Kd3 62. Qb1+ Ke3 63. Qe1+ 1/2-1/2

[Event "DVM U14 2018"]
[Site "Magdeburg GER"]
[Date "2018.12.27"]
[Round "1"]
[White "Schuh, Robert"]
[Black "Astner, Sebastian"]
[Result "1/2-1/2"]
[Termination "normal"]
[Board "7.1"]
[WhiteElo "1512"]
[BlackElo "1907"]
[WhiteTeam "FVS ASP Hoyerswerda"]
[BlackTeam "FC Ergolding"]
[PlyCount "84"]
[WhiteFideId "16215990"]
[BlackFideId "12979422"]
[EventCountry "GER"]
[EventRounds "7"]
[EventType "team-swiss"]
[EventDate "2018.12.26"]

1. d4 d5 2. Bf4 Nf6 3. e3 e6 4. c3 c5 5. Bd3 Nc6 6. Nd2 cxd4 7. exd4 Bd6 8.
Bxd6 Qxd6 9. Ngf3 O-O 10. O-O Re8 11. Re1 e5 12. dxe5 Nxe5 13. Nxe5 Rxe5 14.
Rxe5 Qxe5 15. Nf3 Qd6 16. h3 Bd7 17. Qd2 Re8 18. Re1 Rxe1+ 19. Qxe1 Qf4 20. Qd2
Nh5 21. Qe3 Qa4 22. a3 Nf6 23. Nd4 g6 24. Bc2 Qa6 25. f3 Kg7 26. Kf2 Ba4 27. b3
Bd7 28. a4 Qd6 29. Qc1 Qh2 30. Qg1 Qf4 31. Qd1 Nh5 32. Ne2 Qh4+ 33. Kf1 Nf6 34.
Qd4 Qh6 35. Qf4 Qxf4 36. Nxf4 Kf8 37. Kf2 Ke7 38. Ke3 Kd6 39. Kd4 Bc6 40. b4 a6
41. g4 Ne8 42. h4 Nc7 1/2-1/2

[Event "DVM U14 2018"]
[Site "Magdeburg GER"]
[Date "2018.12.27"]
[Round "1"]
[White "Lohr, Maximilian"]
[Black "Wende, Hugo"]
[Result "1-0"]
[Termination "normal"]
[Board "7.2"]
[WhiteElo "1940"]
[BlackElo "1573"]
[WhiteTeam "FC Ergolding"]
[BlackTeam "FVS ASP Hoyerswerda"]
[PlyCount "73"]
[WhiteFideId "12999717"]
[BlackFideId "16220030"]
[EventCountry "GER"]
[EventRounds "7"]
[EventType "team-swiss"]
[EventDate "2018.12.26"]

1. e4 e6 2. d4 d5 3. e5 c5 4. c3 Nc6 5. Nf3 Qb6 6. Bd3 Bd7 7. O-O cxd4 8. cxd4
Nxd4 9. Nxd4 Qxd4 10. Nc3 Qxe5 11. Re1 Qc7 12. Nxd5 Qc6 13. Be4 e5 14. Be3 Qd6
15. Bc5 Qxc5 16. Rc1 Qxc1 17. Qxc1 Rc8 18. Qe3 Bc5 19. Qg5 Ne7 20. Qxg7 Rg8 21.
Nf6+ Kd8 22. Nxg8 Bd6 23. Qf6 Bb4 24. Nxe7 Bxe7 25. Qh8+ Be8 26. Rd1+ Kc7 27.
Qxe5+ Kb6 28. Qxe7 Bc6 29. Bxc6 Rxc6 30. Rd6 Rxd6 31. Qxd6+ Kb5 32. Kf1 b6 33.
Ke2 a5 34. a4+ Ka6 35. Qc6 Ka7 36. Qc7+ Ka8 37. Kd3 1-0

[Event "DVM U14 2018"]
[Site "Magdeburg GER"]
[Date "2018.12.27"]
[Round "1"]
[White "Schuh, Ramon"]
[Black "Sowka, Patrick"]
[Result "0-1"]
[Termination "normal"]
[Board "7.3"]
[WhiteElo "1307"]
[BlackElo "1571"]
[WhiteTeam "FVS ASP Hoyerswerda"]
[BlackTeam "FC Ergolding"]
[PlyCount "58"]
[WhiteFideId "16215982"]
[BlackFideId "16234944"]
[EventCountry "GER"]
[EventRounds "7"]
[EventType "team-swiss"]
[EventDate "2018.12.26"]

1. e4 e5 2. Nf3 Nc6 3. Bc4 d6 4. d3 Be6 5. Bb3 Qd7 6. c3 Nf6 7. O-O d5 8. Re1
Bd6 9. Bg5 O-O-O 10. Bxf6 gxf6 11. exd5 Ne7 12. dxe6 fxe6 13. Nd4 Nd5 14. Nc2
Rhg8 15. Ne3 Nf4 16. Kh1 Bc5 17. d4 exd4 18. Ng4 Qg7 19. Re4 dxc3 20. Qf1 cxb2
21. Nc3 bxa1=Q 22. Qxa1 e5 23. Bxg8 Qxg4 24. Be6+ Qxe6 25. Qe1 Qg4 26. g3 Qf3+
27. Kg1 Nh3+ 28. Kf1 Nxf2 29. Rc4 Nd3+ 0-1

[Event "DVM U14 2018"]
[Site "Magdeburg GER"]
[Date "2018.12.27"]
[Round "1"]
[White "Handschuh, Felix"]
[Black "Friedrich, Eddie"]
[Result "0-1"]
[Termination "normal"]
[Board "7.4"]
[WhiteElo "1524"]
[BlackElo "1142"]
[WhiteTeam "FC Ergolding"]
[BlackTeam "FVS ASP Hoyerswerda"]
[PlyCount "64"]
[WhiteFideId "12997447"]
[BlackFideId "16274946"]
[EventCountry "GER"]
[EventRounds "7"]
[EventType "team-swiss"]
[EventDate "2018.12.26"]

1. e4 e5 2. Bc4 Nf6 3. d3 Bc5 4. Be3 Bb6 5. Nc3 Nc6 6. Bxb6 axb6 7. Nge2 d6 8.
O-O O-O 9. f4 Be6 10. Bb5 exf4 11. Nxf4 Nd4 12. Nxe6 fxe6 13. Bc4 Qd7 14. Ne2
Nxe2+ 15. Qxe2 d5 16. exd5 exd5 17. Bb3 Kh8 18. Rf3 Rae8 19. Qf2 Qd6 20. Rf1 b5
21. c4 bxc4 22. dxc4 c6 23. cxd5 cxd5 24. Rf5 Re5 25. Rxe5 Qxe5 26. Qc5 Re8 27.
Rd1 Ng4 28. g3 Qxb2 29. Bxd5 Qxh2+ 30. Kf1 Ne3+ 31. Ke1 Nxd5+ 32. Kf1 Qe2+ 0-1

[Event "DVM U14 2018"]
[Site "Magdeburg GER"]
[Date "2018.12.27"]
[Round "1"]
[White "Lutz, Ruben"]
[Black "Lauterbach, Kolja"]
[Result "1-0"]
[Termination "normal"]
[Board "8.1"]
[WhiteElo "2037"]
[BlackElo "1678"]
[WhiteTeam "USV TU Dresden"]
[BlackTeam "SK Freiburg-Zähringen"]
[PlyCount "33"]
[WhiteFideId "12975974"]
[BlackFideId "16235916"]
[EventCountry "GER"]
[EventRounds "7"]
[EventType "team-swiss"]
[EventDate "2018.12.26"]

1. d4 f5 2. Nc3 Nf6 3. Bg5 d5 4. Bxf6 exf6 5. e3 Bd6 6. Nxd5 Bxh2 7. Qh5+ g6 8.
Qxh2 Qxd5 9. Qxc7 Nc6 10. Qg7 Rg8 11. Bb5 Kd8 12. Qxf6+ Kc7 13. Rxh7+ Kb8 14.
Bxc6 bxc6 15. Qe7 Qa5+ 16. b4 Qb6 17. Qe5+ 1-0

[Event "DVM U14 2018"]
[Site "Magdeburg GER"]
[Date "2018.12.27"]
[Round "1"]
[White "Straub, Benno"]
[Black "Lutz, Adam"]
[Result "0-1"]
[Termination "normal"]
[Board "8.2"]
[WhiteElo "1560"]
[BlackElo "1782"]
[WhiteTeam "SK Freiburg-Zähringen"]
[BlackTeam "USV TU Dresden"]
[PlyCount "88"]
[WhiteFideId "16255488"]
[BlackFideId "16226615"]
[EventCountry "GER"]
[EventRounds "7"]
[EventType "team-swiss"]
[EventDate "2018.12.26"]

1. e4 c5 2. c3 Nf6 3. e5 Nd5 4. d4 cxd4 5. cxd4 Nc6 6. Nf3 e6 7. a3 d6 8. Be2
Be7 9. O-O O-O 10. Nbd2 dxe5 11. dxe5 Qc7 12. Nc4 Rd8 13. Qb3 a6 14. Rd1 b5 15.
Ne3 Nf4 16. Rxd8+ Bxd8 17. Qd1 Nxe2+ 18. Qxe2 Nxe5 19. Bd2 Bb7 20. Nd4 Qd7 21.
Bc3 Ng6 22. Rd1 Qe7 23. Bb4 Qg5 24. Nf3 Qh5 25. Qd3 Bc7 26. Nf1 Nf4 27. Ng3
Nxd3 28. Nxh5 Nxb4 29. axb4 Bxf3 30. gxf3 Be5 31. Rd2 Rc8 32. f4 Bb8 33. Rd4 g6
34. Nf6+ Kg7 35. Nd7 Rd8 36. Kf1 e5 37. fxe5 Bxe5 38. Rd2 Bxh2 39. Rd3 h5 40.
Kg2 Bf4 41. b3 g5 42. f3 f6 43. Kh3 Bc7 44. Rd4 Kf7 0-1

[Event "DVM U14 2018"]
[Site "Magdeburg GER"]
[Date "2018.12.27"]
[Round "1"]
[White "Peukert, Marc"]
[Black "Tolstorukova, Amelie"]
[Result "0-1"]
[Termination "normal"]
[Board "8.3"]
[WhiteElo "1510"]
[BlackElo "1174"]
[WhiteTeam "USV TU Dresden"]
[BlackTeam "SK Freiburg-Zähringen"]
[PlyCount "130"]
[WhiteFideId "16259440"]
[BlackFideId "16255496"]
[EventCountry "GER"]
[EventRounds "7"]
[EventType "team-swiss"]
[EventDate "2018.12.26"]

1. Nf3 d5 2. c4 Nf6 3. e3 Bg4 4. Be2 e6 5. d3 Be7 6. Nc3 Nc6 7. O-O Bd6 8. d4
O-O 9. c5 Be7 10. a3 a5 11. Rb1 Bxf3 12. Bxf3 e5 13. dxe5 Nxe5 14. Bxd5 Nxd5
15. Qxd5 Qxd5 16. Nxd5 Bxc5 17. Nxc7 Rac8 18. Nb5 Rfd8 19. b4 axb4 20. axb4 Bb6
21. Ba3 Rd5 22. Nd4 Bxd4 23. Rfd1 Rcd8 24. exd4 Rxd4 25. Rxd4 Rxd4 26. Rc1 h6
27. g3 Nc4 28. Rc3 Nxa3 29. Rxa3 Rxb4 30. Kg2 Kf8 31. Re3 Rd4 32. Rb3 Rd7 33.
Kf3 Ke7 34. Rb6 Kd8 35. Rb4 Kc7 36. Rg4 f6 37. Rc4+ Kb6 38. h4 Kb5 39. Rc2 Ka4
40. Ra2+ Kb5 41. Rb2+ Kc4 42. Rc2+ Kb3 43. Rc5 Kb4 44. Rc2 b5 45. Rb2+ Kc4 46.
Rc2+ Kb3 47. Rc5 Rb7 48. g4 b4 49. Ke3 Ka2 50. Ra5+ Kb1 51. Kd2 b3 52. Kc3 b2
53. Kd2 Rd7+ 54. Ke2 Kc2 55. Rc5+ Kb3 56. Rb5+ Kc3 57. Rb6 Rd4 58. g5 Rxh4 59.
Ke3 Rb4 60. Rc6+ Kb3 61. gxf6 gxf6 62. Rxf6 b1=Q 63. Kf3 Qd3+ 64. Kg2 Rg4+ 65.
Kh1 Qh3# 0-1

[Event "DVM U14 2018"]
[Site "Magdeburg GER"]
[Date "2018.12.27"]
[Round "1"]
[White "Trimpin, Fynn"]
[Black "Günther, Fabian"]
[Result "1-0"]
[Termination "normal"]
[Board "8.4"]
[WhiteElo "1190"]
[BlackElo "1485"]
[WhiteTeam "SK Freiburg-Zähringen"]
[BlackTeam "USV TU Dresden"]
[PlyCount "57"]
[WhiteFideId "16255500"]
[BlackFideId "16240294"]
[EventCountry "GER"]
[EventRounds "7"]
[EventType "team-swiss"]
[EventDate "2018.12.26"]

1. e4 c5 2. d4 cxd4 3. c3 dxc3 4. Nxc3 d6 5. Nf3 Nc6 6. Bc4 e6 7. O-O a6 8. Re1
b5 9. Bb3 Bb7 10. a4 b4 11. Na2 a5 12. Be3 g6 13. Bc4 Bg7 14. Rb1 Nge7 15. Nc1
O-O 16. Nb3 Qc7 17. Bb5 Rfd8 18. Re2 Ba6 19. Bxa6 Rxa6 20. Rd2 Ne5 21. Nxe5
Bxe5 22. f4 Bg7 23. Nd4 Bxd4 24. Bxd4 Qb7 25. Qe2 Rc8 26. Rbd1 Qc7 27. Qxa6 Nc6
28. Bb6 Qe7 29. Qxc8+ 1-0

[Event "DVM U14 2018"]
[Site "Magdeburg GER"]
[Date "2018.12.27"]
[Round "1"]
[White "Skabs, Denis"]
[Black "Glinzner, Alva"]
[Result "1-0"]
[Termination "normal"]
[Board "9.1"]
[WhiteElo "1706"]
[BlackElo "1889"]
[WhiteTeam "SF Brackel"]
[BlackTeam "Lübecker SV"]
[PlyCount "81"]
[WhiteFideId "16248449"]
[BlackFideId "16206169"]
[EventCountry "GER"]
[EventRounds "7"]
[EventType "team-swiss"]
[EventDate "2018.12.26"]

1. e4 c5 2. Nf3 e6 3. d4 cxd4 4. c3 Nf6 5. e5 Nd5 6. cxd4 d6 7. Be2 Bd7 8. O-O
Bc6 9. Nc3 Be7 10. Bd3 Nd7 11. Re1 O-O 12. a3 Re8 13. Ne4 Nf8 14. Qc2 h6 15.
Ng3 Rc8 16. Qd2 Nb6 17. Nh5 Bxf3 18. gxf3 Bg5 19. f4 Bh4 20. Kh1 dxe5 21. fxe5
Bg5 22. f4 Bh4 23. Rg1 Qd5+ 24. Qg2 Qxg2+ 25. Rxg2 g6 26. f5 Kh7 27. fxg6+ Nxg6
28. Nf4 Rg8 29. Bxg6+ fxg6 30. Nxe6 Rge8 31. Nc5 Re7 32. Bf4 Nd5 33. Bg3 Bg5
34. Ne4 Be3 35. Rd1 Rec7 36. h4 Re8 37. Nf6+ Nxf6 38. exf6 Rd7 39. Be5 Red8 40.
Re2 Bxd4 41. Red2 1-0

[Event "DVM U14 2018"]
[Site "Magdeburg GER"]
[Date "2018.12.27"]
[Round "1"]
[White "Bornholdt, Joa Max"]
[Black "Eberwein, Leander"]
[Result "1/2-1/2"]
[Termination "normal"]
[Board "9.2"]
[WhiteElo "1649"]
[BlackElo "1332"]
[WhiteTeam "Lübecker SV"]
[BlackTeam "SF Brackel"]
[PlyCount "23"]
[WhiteFideId "16253477"]
[BlackFideId "16274954"]
[EventCountry "GER"]
[EventRounds "7"]
[EventType "team-swiss"]
[EventDate "2018.12.26"]

1. d4 d5 2. e4 e6 3. Nc3 c5 4. exd5 cxd4 5. Qxd4 Nc6 6. Qd1 exd5 7. Qxd5 Bd7 8.
Bg5 Nf6 9. Bxf6 Qxf6 10. Qf3 Qe5+ 11. Qe4 Bc5 12. Nf3 {Rest nicht
nachvollziehbar (es folgt .. Df5)} 1/2-1/2

[Event "DVM U14 2018"]
[Site "Magdeburg GER"]
[Date "2018.12.27"]
[Round "1"]
[White "Vetter, Moritz Friedrich"]
[Black "Silini, Jalel"]
[Result "1-0"]
[Termination "normal"]
[Board "9.3"]
[WhiteElo "1421"]
[BlackElo "1717"]
[WhiteTeam "SF Brackel"]
[BlackTeam "Lübecker SV"]
[PlyCount "47"]
[WhiteFideId "16274962"]
[BlackFideId "16215397"]
[EventCountry "GER"]
[EventRounds "7"]
[EventType "team-swiss"]
[EventDate "2018.12.26"]

1. e4 e5 2. Nf3 Nc6 3. Bc4 Bc5 4. b4 Bxb4 5. c3 Ba5 6. d4 exd4 7. O-O d6 8. Qb3
Qe7 9. Re1 Bd7 10. e5 dxe5 11. Nxe5 Nxe5 12. Bxf7+ Qxf7 13. Rxe5+ Ne7 14. Ba3
Qxb3 15. axb3 Bxc3 16. Rxe7+ Kd8 17. Nxc3 dxc3 18. Rd1 Kc8 19. Rdxd7 c6 20.
Rxg7 c2 21. Rxh7 Rg8 22. Rxb7 Rg5 23. Rhc7+ Kd8 24. Be7+ 1-0

[Event "DVM U14 2018"]
[Site "Magdeburg GER"]
[Date "2018.12.27"]
[Round "1"]
[White "Maas, Kolja"]
[Black "Butusov, Maxim"]
[Result "1-0"]
[Termination "normal"]
[Board "9.4"]
[WhiteElo "1573"]
[BlackElo "957"]
[WhiteTeam "Lübecker SV"]
[BlackTeam "SF Brackel"]
[PlyCount "71"]
[WhiteFideId "16220420"]
[BlackFideId "16264320"]
[EventCountry "GER"]
[EventRounds "7"]
[EventType "team-swiss"]
[EventDate "2018.12.26"]

1. e4 e5 2. Nf3 Nc6 3. Bb5 Nge7 4. O-O a6 5. Ba4 b5 6. Bb3 Na5 7. Nxe5 Nxb3 8.
axb3 g6 9. Qf3 f5 10. exf5 gxf5 11. Qxa8 Bg7 12. Re1 Bxe5 13. Rxe5 d6 14. Re3
f4 15. Rf3 Rf8 16. Qe4 d5 17. Qxh7 Bg4 18. Rc3 Qd6 19. h3 Bf5 20. Qh5+ Bg6 21.
Qd1 b4 22. Rf3 Be4 23. d4 Bxf3 24. Qxf3 Nc6 25. Rxa6 Nxd4 26. Qh5+ Kd7 27.
Rxd6+ Kxd6 28. Qh6+ Ke7 29. Qg7+ Ke8 30. Qxd4 Rg8 31. Bxf4 c6 32. Qe5+ Kf8 33.
Qf6+ Ke8 34. Bd6 Kd7 35. Qe7+ Kc8 36. Qc7# 1-0

[Event "DVM U14 2018"]
[Site "Magdeburg GER"]
[Date "2018.12.27"]
[Round "1"]
[White "Kamp, Adrian"]
[Black "Schröter, Christopher"]
[Result "1-0"]
[Termination "normal"]
[Board "10.1"]
[WhiteElo "1895"]
[BlackElo "1453"]
[WhiteTeam "SK Münster"]
[BlackTeam "1. SC Anhalt"]
[PlyCount "115"]
[WhiteFideId "16222466"]
[BlackFideId "16274970"]
[EventCountry "GER"]
[EventRounds "7"]
[EventType "team-swiss"]
[EventDate "2018.12.26"]

1. e4 e5 2. d4 exd4 3. Nf3 Nc6 4. Bc4 Bc5 5. c3 Nf6 6. e5 d5 7. exf6 dxc4 8.
fxg7 Rg8 9. Bh6 Qe7+ 10. Qe2 Qxe2+ 11. Kxe2 Be6 12. Ng5 Bf5 13. Re1 Be7 14. Kf1
Bg6 15. Nd2 O-O-O 16. Nde4 Rd5 17. h4 Re5 18. f4 Rd5 19. g4 f5 20. h5 Bxh5 21.
gxh5 fxe4 22. Rxe4 Bxg5 23. fxg5 Rf5+ 24. Kg2 Re5 25. Rf4 Ree8 26. Rf8 Kd7 27.
cxd4 b5 28. Raf1 Ne7 29. Rxg8 Rxg8 30. Rf8 Ke6 31. Kf3 Kd5 32. Ke3 a5 33. g6
hxg6 34. hxg6 c6 35. Rxg8 Nxg8 36. Bg5 b4 37. Bd8 a4 38. Ba5 c3 39. bxc3 bxc3
40. Bxc3 c5 41. dxc5 Kxc5 42. a3 Kd5 43. Kf4 Ke6 44. Ke4 Kd6 45. Kd4 Ke6 46.
Kc4 Kf5 47. Kb4 Kxg6 48. Kxa4 Kf7 49. Kb5 Ne7 50. a4 Nd5 51. Ba1 Nc7+ 52. Kc6
Na6 53. Kb6 Nb4 54. a5 Nd5+ 55. Kb7 Nf4 56. a6 Ne6 57. a7 Nxg7 58. Bxg7 1-0

[Event "DVM U14 2018"]
[Site "Magdeburg GER"]
[Date "2018.12.27"]
[Round "1"]
[White "Böhm, Florian"]
[Black "Toval, David"]
[Result "0-1"]
[Termination "normal"]
[Board "10.2"]
[WhiteElo "1443"]
[BlackElo "1866"]
[WhiteTeam "1. SC Anhalt"]
[BlackTeam "SK Münster"]
[PlyCount "134"]
[WhiteFideId "16274989"]
[BlackFideId "12992755"]
[EventCountry "GER"]
[EventRounds "7"]
[EventType "team-swiss"]
[EventDate "2018.12.26"]

1. c4 Nf6 2. d3 g6 3. Nc3 Bg7 4. Nf3 d6 5. g3 O-O 6. Bg2 e5 7. O-O Nc6 8. Bg5
Qe8 9. Qd2 Ne7 10. Bh6 Nh5 11. Bxg7 Kxg7 12. b4 f5 13. e3 Nf6 14. d4 e4 15. Ne1
a5 16. bxa5 Nc6 17. Nb5 Qf7 18. d5 Ne5 19. Qe2 Bd7 20. Nd4 c6 21. dxc6 bxc6 22.
Nb3 Nxc4 23. Nc2 Nxa5 24. Nxa5 Rxa5 25. Rfd1 Be6 26. Nd4 Bc4 27. Qd2 Rxa2 28.
Rxa2 Bxa2 29. Nxc6 Bb3 30. Rc1 Qd5 31. Nd4 Bc4 32. Qb4 Bd3 33. Qb3 Qxb3 34.
Nxb3 Rb8 35. Nd4 Ng4 36. h3 Ne5 37. Bf1 Bxf1 38. Kxf1 Nd3 39. Rc2 Rb1+ 40. Ke2
Re1+ 41. Kd2 Rf1 42. f4 Rh1 43. g4 Rxh3 44. gxf5 Nxf4 45. Rc7+ Kf6 46. fxg6
Nxg6 47. Rd7 Ke5 48. Nc6+ Ke6 49. Rb7 Ne5 50. Nd4+ Kd5 51. Rb5+ Kc4 52. Rb6
Rh2+ 53. Ke1 d5 54. Rb5 Nf3+ 55. Nxf3 exf3 56. Rb7 Re2+ 57. Kf1 h5 58. Rh7 Rh2
59. Kg1 Rh3 60. Kf2 Kd3 61. Rd7 Kc4 62. Rf7 h4 63. Rf4+ Kc5 64. Ra4 Kd6 65. e4
d4 66. Rxd4+ Ke5 67. Ke3 f2+ 0-1

[Event "DVM U14 2018"]
[Site "Magdeburg GER"]
[Date "2018.12.27"]
[Round "1"]
[White "Schröder, Lennart"]
[Black "Lautenschläger, Friedrich"]
[Result "1-0"]
[Termination "normal"]
[Board "10.3"]
[WhiteElo "1762"]
[BlackElo "1364"]
[WhiteTeam "SK Münster"]
[BlackTeam "1. SC Anhalt"]
[PlyCount "111"]
[WhiteFideId "16222490"]
[BlackFideId "16274997"]
[EventCountry "GER"]
[EventRounds "7"]
[EventType "team-swiss"]
[EventDate "2018.12.26"]

1. d4 d5 2. Nf3 Nf6 3. c4 c6 4. Qc2 Bg4 5. Ne5 e6 6. Nd2 Bf5 7. Qb3 Qc7 8. g3
Nbd7 9. Ndf3 Be4 10. Bf4 Bd6 11. Nxd7 Qxd7 12. Bxd6 Qxd6 13. c5 Qc7 14. Bg2
Qa5+ 15. Qc3 Qxc3+ 16. bxc3 O-O 17. O-O Nd7 18. Nd2 Bxg2 19. Kxg2 Rfe8 20. e3
e5 21. Nb3 e4 22. Na5 b6 23. cxb6 axb6 24. Nxc6 Rac8 25. Nb4 Nf6 26. Rfc1 Rc4
27. a4 h6 28. a5 bxa5 29. Rxa5 Rd8 30. Kf1 Kf8 31. Ke2 Ke7 32. Kd2 Ke6 33. h3
Rdc8 34. g4 g6 35. Rc2 g5 36. Ra7 R8c7 37. Ra6+ Ke7 38. Rxf6 Kxf6 39. Nxd5+ Ke6
40. Nxc7+ Rxc7 41. c4 Kd6 42. Kc3 Kc6 43. Ra2 Kb6 44. Kb4 Rb7 45. c5+ Kc6+ 46.
Kc4 Re7 47. Ra6+ Kb7 48. Rxh6 Re6 49. Rxe6 fxe6 50. d5 exd5+ 51. Kxd5 Kc7 52.
Kxe4 Kc6 53. Kf5 Kxc5 54. Kxg5 Kd5 55. Kf5 Kd6 56. Kf6 1-0

[Event "DVM U14 2018"]
[Site "Magdeburg GER"]
[Date "2018.12.27"]
[Round "1"]
[White "Kopvillem, Mikhail"]
[Black "John, Niklas"]
[Result "1-0"]
[Termination "normal"]
[Board "10.4"]
[WhiteElo "1089"]
[BlackElo "1328"]
[WhiteTeam "1. SC Anhalt"]
[BlackTeam "SK Münster"]
[PlyCount "81"]
[WhiteFideId "16275004"]
[BlackFideId "16234626"]
[EventCountry "GER"]
[EventRounds "7"]
[EventType "team-swiss"]
[EventDate "2018.12.26"]

1. b4 e5 2. Bb2 Bxb4 3. Bxe5 Nf6 4. c3 Bc5 5. d4 Nc6 6. Bxf6 Qxf6 7. dxc5 Qe5
8. Nf3 Qxc5 9. e3 d6 10. Nd4 Bf5 11. Bd3 Bxd3 12. Qxd3 Nxd4 13. cxd4 Qd5 14.
O-O h5 15. Nc3 Qc6 16. Qb5 h4 17. d5 Qd7 18. Qxd7+ Kxd7 19. h3 g5 20. f3 f5 21.
Rac1 a6 22. a4 Rag8 23. Ne2 g4 24. fxg4 fxg4 25. hxg4 Rxg4 26. Rf7+ Ke8 27.
Rcxc7 Rhg8 28. Nf4 Rf8 29. Rxf8+ Kxf8 30. Rxb7 Rg3 31. Kf2 Rg5 32. a5 Rf5 33.
Ra7 Rf7 34. Rxa6 Rb7 35. Rb6 Ra7 36. a6 h3 37. gxh3 Kg8 38. Rxd6 Kh7 39. Rb6
Kg8 40. Rb8+ Kf7 41. Rb7+ 1-0

[Event "DVM U14 2018"]
[Site "Magdeburg GER"]
[Date "2018.12.27"]
[Round "2"]
[White "Weihrauch, Jakob"]
[Black "Sulayev, Daniel"]
[Result "1/2-1/2"]
[Termination "normal"]
[Board "1.1"]
[WhiteElo "2087"]
[BlackElo "2061"]
[WhiteClock "00:31:56"]
[BlackClock "01:06:51"]
[WhiteTeam "Hamburger SK"]
[BlackTeam "SV Empor Berlin"]
[PlyCount "47"]
[WhiteFideId "16210115"]
[BlackFideId "12977675"]
[EventCountry "GER"]
[EventRounds "7"]
[EventType "team-swiss"]
[EventDate "2018.12.26"]

1. d4 c5 2. d5 g6 3. c4 Nf6 4. Nc3 Bg7 5. e4 d6 6. Nf3 O-O 7. h3 a6 8. Bd3 e6
9. O-O e5 10. Be3 Nh5 11. Nh2 Qe8 12. Be2 Nf4 13. Qd2 Nxe2+ 14. Qxe2 f5 15.
exf5 gxf5 16. f4 e4 17. g4 Nd7 18. g5 Rb8 19. a4 b6 20. Rfd1 Qg6 21. h4 Nf6 22.
Qg2 Nh5 23. Nf1 Bd7 24. Ra2 1/2-1/2

[Event "DVM U14 2018"]
[Site "Magdeburg GER"]
[Date "2018.12.27"]
[Round "2"]
[White "Breitzmann, Sander"]
[Black "Kotyk, Michael"]
[Result "1-0"]
[Termination "normal"]
[Board "1.2"]
[WhiteElo "1845"]
[BlackElo "2016"]
[WhiteClock "00:32:54"]
[BlackClock "00:24:49"]
[WhiteTeam "SV Empor Berlin"]
[BlackTeam "Hamburger SK"]
[PlyCount "119"]
[WhiteFideId "12987085"]
[BlackFideId "16214501"]
[EventCountry "GER"]
[EventRounds "7"]
[EventType "team-swiss"]
[EventDate "2018.12.26"]

1. e4 c5 2. Nf3 Nc6 3. c4 e5 4. g3 d6 5. d3 f5 6. exf5 Bxf5 7. Nc3 Nf6 8. a3
Be7 9. Bg2 O-O 10. O-O Qe8 11. Bg5 Rb8 12. Bxf6 Bxf6 13. Ne1 Nd4 14. Nc2 Bg5
15. Nxd4 cxd4 16. Bd5+ Kh8 17. Ne4 Qg6 18. Nxg5 Qxg5 19. Qe2 Bg4 20. f3 Bh3 21.
Rf2 b5 22. b3 bxc4 23. bxc4 Rb6 24. f4 Qf5 25. Be4 Qf7 26. fxe5 Qxf2+ 27. Qxf2
Rxf2 28. Kxf2 dxe5 29. c5 Rb2+ 30. Kg1 Rc2 31. c6 g6 32. Rb1 Bf5 33. Rb7 Bxe4
34. dxe4 Rxc6 35. Rxa7 Rd6 36. Kf2 d3 37. Ke1 d2+ 38. Kd1 Rd4 39. a4 h5 40. a5
h4 41. a6 hxg3 42. hxg3 Rd6 43. Ra8+ Kg7 44. a7 Rd7 45. Rg8+ Kxg8 46. a8=Q+ Kf7
47. Qh8 Re7 48. Kxd2 Re8 49. Qh7+ Kf6 50. Ke3 Re7 51. Qh8+ Kf7 52. Kf3 Re6 53.
Kg4 Ke7 54. Kg5 Kd7 55. g4 Ke7 56. Qg7+ Kd8 57. Qxg6 Re7 58. Qd6+ Ke8 59. Qxe7+
Kxe7 60. Kf5 1-0